|
|
|
|
| LEADER |
00967nam a2200229 a 4500 |
| 001 |
12866 |
| 003 |
BD-DhAAL |
| 008 |
090506s ii a b i000 0 eng d |
| 999 |
|
|
|c 420
|d 420
|
| 040 |
|
|
|a BD-DhAAL
|
| 082 |
0 |
0 |
|a 616.97
|2 22
|
| 110 |
2 |
|
|a World Health Organization
|b Regional Office for South-East Asia
|9 41961
|
| 245 |
1 |
0 |
|a A guide for trainers :
|b an orientation to HIV/AIDS counselling
|
| 260 |
|
|
|a New Delhi :
|b World Health Organization, Regional Office for South-East Asia
|
| 300 |
|
|
|a ix, 125 pages :
|b illustrations ;
|c 31 cm.
|
| 504 |
|
|
|a Includes bibliographical references.
|
| 541 |
1 |
|
|e 12866
|
| 650 |
2 |
|
|a AIDS (Disease).
|9 41962
|
| 710 |
2 |
|
|a World Health Organization.
|9 41963
|
| 852 |
4 |
|
|a Ayesha Abed Library
|c General Stacks
|
| 942 |
|
|
|2 ddc
|c BK
|
| 952 |
|
|
|0 0
|1 0
|2 ddc
|4 0
|6 616_970000000000000_GUI
|7 0
|9 381
|a BRACUL
|b BRACUL
|c GEN
|d 2009-05-06
|g 0.00
|l 1
|m 23
|o 616.97 GUI
|p 3010012866
|r 2020-01-06
|s 2019-07-17
|t 1
|w 2009-05-06
|y BK
|x No price found in the accession register.
|